00481nam a2200133Ia 4500008004100000020001800041100001900059245005900078250001100137260004300148300001800191999001900209952011900228180205s9999 xx 000 0 und d a9781474412919 aPiller, Ingrid aIntercultural Communication :bA critical introduction a2nd ed aUK :bEdinburgh university pressc2017 aix, 227 pages c354928d354928 001040aCLbCLcRESd2018-02-05eLibrary Fundl0oHM 1211 .P641 2017pc21155r2018-05-15 00:00:00w2018-02-05yBK